=LDR 00000nam 2200000 4500 =001 INLIS000000000049232 =005 20200304082647 =035 ##$$a 0010-021700000000024 =008 200304################g##########0#ind## =020 ##$$a 978-602-317-036-4 =040 ##$$a NBPDMAT =082 ##$$a 297.615 22 =090 ##$$a 297.615 22 $bAbu s =100 ##$$a Abu Yazid =245 1#$$a Sembilan puluh sembilan nasihat dahsyat nabi untuk wanita /$c Abu Yazid, Ummu Nafisa =260 ##$$a Surakarta :$b Ziyad Books,$c 2015 =300 ##$$a 280 hlm. : $b ilus. ; $c 23 x 17 cm =500 ##$$a Bibliografi hlm : 278 =650 #4$$a Wanita dan Islam =700 #$$a Ummu Nafisa =850 ##$$a NBPDMAT =084 ##$$a 297.615 22 ABU s =990 ##$$a 21602946 =990 ##$$a 21602947 =990 ##$$a 21602948 =990 ##$$a 21602949 =990 ##$$a 21602950 =990 ##$$a 21705070 =990 ##$$a 21705069 =990 ##$$a 21705068 =990 ##$$a 21705067 =990 ##$$a 21705066 =990 ##$$a 00093571